| 000 -LEADER |
| fixed length control field |
01328nam a2200253Ia 4500 |
| 001 - CONTROL NUMBER |
| control field |
18498 |
| 003 - CONTROL NUMBER IDENTIFIER |
| control field |
GE_BSU |
| 008 - FIXED-LENGTH DATA ELEMENTS--GENERAL INFORMATION |
| fixed length control field |
181216s||||||||xx |||||||||||||| ||und|| |
| 020 ## - INTERNATIONAL STANDARD BOOK NUMBER |
| International Standard Book Number |
9789941113789 |
| 040 ## - CATALOGING SOURCE |
| Transcribing agency |
GE_BSU |
| 080 ## - UNIVERSAL DECIMAL CLASSIFICATION NUMBER |
| Universal Decimal Classification number |
811.353.1'36(075) |
| 100 ## - MAIN ENTRY--PERSONAL NAME |
| Personal name |
შარაშენიძე,ნინო |
| 245 ## - TITLE STATEMENT |
| Title |
ქართული ენის გრამატიკა:სინტაქსი |
| 245 ## - TITLE STATEMENT |
| Remainder of title |
სასკოლო კურსი:სინტაქსის საკითხები სქემები,თვალსაჩინოებები მართლწერის საკითხები, სავარჯიშოები ანალიზისათვის ტექსტის რედაქტირება ანალიტიკური კითხვები ტესტები. |
| 245 ## - TITLE STATEMENT |
| Statement of responsibility, etc. |
რედ:სოლომონ ნოზაძე,ლალი ბაქრაძე,ლალი ჭინჭარაული. |
| 260 ## - PUBLICATION, DISTRIBUTION, ETC. |
| Place of publication, distribution, etc. |
თბილისი |
| 260 ## - PUBLICATION, DISTRIBUTION, ETC. |
| Name of publisher, distributor, etc. |
დიოგენე |
| 260 ## - PUBLICATION, DISTRIBUTION, ETC. |
| Date of publication, distribution, etc. |
2012 |
| 300 ## - PHYSICAL DESCRIPTION |
| Extent |
184გვ;27სმ. |
| 653 ## - INDEX TERM--UNCONTROLLED |
| Uncontrolled term |
ქართული ენა |
| 653 ## - INDEX TERM--UNCONTROLLED |
| Uncontrolled term |
ქართული ენის გრამატიკა:სინტაქსი |
| 942 ## - ADDED ENTRY ELEMENTS (KOHA) |
| Koha item type |
წიგნი |